[Event "SVK-chT2B 1718"]
[Site "Slovakia"]
[Date "2018.02.24"]
[Round "8.7"]
[White "Toth, Erik"]
[Black "Nadzamova, Rebeka"]
[Result "1/2-1/2"]
[WhiteElo "1891"]
[BlackElo "1714"]
[PlyCount "50"]
[EventDate "2017.10.28"]
[EventType "team-tourn"]
[EventRounds "11"]
[EventCountry "SVK"]
[SourceTitle "EXT 2019"]
[Source "ChessBase"]
[SourceDate "2018.10.10"]
[SourceVersion "1"]
[SourceVersionDate "2018.10.10"]
[SourceQuality "1"]
[WhiteTeam "Levice"]
[BlackTeam "Topolcany"]
[WhiteTeamCountry "SVK"]
[BlackTeamCountry "SVK"]

1. e4 c5 2. Nf3 Nc6 3. d4 cxd4 4. Nxd4 e5 5. Nb5 d6 6. N1c3 a6 7. Na3 b5 8. Nd5 Nf6 9. Bg5 Be7 10. Bxf6 Bxf6 11. c3 0-0 12. Nc2 Bg5 13. Bd3 Ne7 14. Nce3 Bxe3 15. Nxe3 Be6 16. Qh5 g6 17. Qf3 d5 18. exd5 Nxd5 19. Be4 Nxe3 20. Qxe3 Rb8 21. 0-0 Qc7 22. Rfd1 Rfd8 23. Rd2 Rxd2 24. Qxd2 Rd8 25. Qe1 Qd6 1/2-1/2

[Event "SVK-chT2B 1617"]
[Site "Slovakia"]
[Date "2016.11.06"]
[Round "4.7"]
[White "Toth, Erik"]
[Black "Zakovicova, Silvia"]
[Result "1-0"]
[WhiteElo "1879"]
[BlackElo "1650"]
[PlyCount "43"]
[EventDate "2016.10.08"]
[EventType "team-tourn"]
[EventRounds "11"]
[EventCountry "SVK"]
[SourceTitle "CBM 175 Extra"]
[Source "ChessBase"]
[SourceDate "2016.12.12"]
[SourceVersion "1"]
[SourceVersionDate "2016.12.12"]
[SourceQuality "1"]
[WhiteTeam "Levice"]
[BlackTeam "Prievidza II"]
[WhiteTeamCountry "SVK"]
[BlackTeamCountry "SVK"]

1. e4 e5 2. Nf3 Nc6 3. d4 exd4 4. Nxd4 Bc5 5. Nxc6 Qf6 6. Qf3 Qxc6 7. Nc3 Bb4 8. Bd2 Nf6 9. Bd3 0-0 10. 0-0 d6 11. Bb5 Qc5 12. Be3 Qe5 13. Nd5 Bg4 14. Nxf6+ gxf6 15. Qxg4+ Kh8 16. Qf5 Qxb2 17. Bd3 Rg8 18. Rab1 Qa3 19. Rb3 Qa4 20. Qxf6+ Rg7 21. Bd4 Rag8 22. Qxf7 1-0

[Event "SVK-chT1W 1314"]
[Site "Slovakia"]
[Date "2013.11.17"]
[Round "4.8"]
[White "Gombar, Peter"]
[Black "Toth, Erik"]
[Result "1-0"]
[WhiteElo "1972"]
[BlackElo "1785"]
[PlyCount "57"]
[EventDate "2013.10.12"]
[EventType "team-tourn"]
[EventRounds "11"]
[EventCountry "SVK"]
[SourceTitle "EXT 2015"]
[Source "ChessBase"]
[SourceDate "2014.11.20"]
[SourceVersion "1"]
[SourceVersionDate "2014.11.20"]
[SourceQuality "1"]
[WhiteTeam "Povazska Bystrica"]
[BlackTeam "Levice"]
[WhiteTeamCountry "SVK"]
[BlackTeamCountry "SVK"]

1. e4 e5 2. Nf3 Nc6 3. Bb5 a6 4. Ba4 Nf6 5. 0-0 Be7 6. Re1 b5 7. Bb3 d6 8. c3 0-0 9. h3 Na5 10. Bc2 c5 11. d4 Qc7 12. Nbd2 cxd4 13. cxd4 exd4 14. Nxd4 Re8 15. N2f3 Bb7 16. Bg5 d5 17. e5 Ne4 18. Bxe7 Rxe7 19. Nf5 Re6 20. Rc1 Qb6 21. Qd4 Qxd4 22. N3xd4 Ree8 23. Bxe4 dxe4 24. Rc7 Rxe5 25. b4 Bd5 26. bxa5 Bxa2 27. Rec1 g6 28. Rc8+ Rxc8 29. Rxc8+ 1-0